[Event "Pula op 35th"]
[Site "Pula"]
[Date "2023.06.19"]
[Round "3"]
[White "Bratovic, Blaz"]
[Black "Boehm, Martin"]
[Result "1-0"]
[WhiteElo "2326"]
[BlackElo "2128"]
[PlyCount "79"]
[EventDate "2023.06.17"]
[EventType "swiss"]
[EventRounds "9"]
[EventCountry "CRO"]
[SourceTitle "CBM 214 Extra"]
[Source "ChessBase"]
[SourceDate "2023.07.31"]
[SourceVersion "1"]
[SourceVersionDate "2023.07.31"]
[SourceQuality "1"]

1. d4 Nf6 2. c4 e6 3. Nc3 Bb4 4. a3 Bxc3+ 5. bxc3 b6 6. f3 Nh5 7. Nh3 d5 8. Bg5 f6 9. Bh4 g5 10. Bf2 0-0 11. e3 Nc6 12. g4 Ng7 13. Bd3 Na5 14. Qc2 f5 15. gxf5 exf5 16. cxd5 h6 17. c4 f4 18. Nxf4 gxf4 19. e4 Qe7 20. Rg1 Bf5 21. Kd2 Bh7 22. Rg2 Kh8 23. Qc3 Rac8 24. Rag1 Rg8 25. Rg4 Nh5 26. d6 cxd6 27. d5+ Qe5 28. Kc2 Nxc4 29. Bxc4 Qxc3+ 30. Kxc3 Rxg4 31. Rxg4 Bxe4 32. fxe4 b5 33. Rh4 Rxc4+ 34. Kd3 Ng7 35. Rxh6+ Kg8 36. Rxd6 Ra4 37. Rd8+ Kh7 38. Bc5 a5 39. Rb8 f3 40. Rxb5 1-0

[Event "Arco op 44th"]
[Site "Arco"]
[Date "2022.10.12"]
[Round "5"]
[White "Boehm, Martin"]
[Black "Cardarelli, Angelo"]
[Result "0-1"]
[WhiteElo "2176"]
[BlackElo "1976"]
[PlyCount "54"]
[EventDate "2022.10.08"]
[EventType "swiss"]
[EventRounds "9"]
[EventCountry "ITA"]
[SourceTitle "CBM 210 Extra"]
[Source "ChessBase"]
[SourceDate "2022.11.30"]
[SourceVersion "1"]
[SourceVersionDate "2022.11.30"]
[SourceQuality "1"]

1. Nf3 d5 2. c4 e6 3. g3 Nf6 4. Bg2 Be7 5. 0-0 0-0 6. b3 c5 7. Bb2 d4 8. e3 Nc6 9. exd4 cxd4 10. Re1 Re8 11. a3 a5 12. d3 Bf8 13. Ne5 Qd6 14. f4 Nd7 15. Qe2 f6 16. Nxc6 bxc6 17. Nd2 Rb8 18. b4 e5 19. c5 Qc7 20. Nc4 axb4 21. axb4 Rxb4 22. Bxd4 Nxc5 23. Bc3 Rb3 24. Qc2 Bf5 25. Nd2 Rbb8 26. fxe5 Nxd3 27. Nc4 Nxe1 0-1

[Event "Bayern-chI Bank Hofmann 24th"]
[Site "Tegernsee"]
[Date "2021.10.30"]
[Round "1"]
[White "Boehm, Martin"]
[Black "Mastrovasilis, Dimitrios"]
[Result "1/2-1/2"]
[WhiteElo "2137"]
[BlackElo "2614"]
[PlyCount "70"]
[EventDate "2021.10.30"]
[EventType "swiss"]
[EventRounds "9"]
[EventCountry "GER"]
[SourceTitle "CBM 205 Extra"]
[Source "ChessBase"]
[SourceDate "2022.01.31"]
[SourceVersion "1"]
[SourceVersionDate "2022.01.31"]
[SourceQuality "1"]

1. c4 e6 2. Nf3 d5 3. g3 Nf6 4. Bg2 Be7 5. 0-0 0-0 6. b3 d4 7. e3 c5 8. exd4 cxd4 9. d3 Nc6 10. Re1 Nd7 11. a3 a5 12. Nbd2 e5 13. Ne4 h6 14. g4 Nf6 15. Nxf6+ Bxf6 16. h3 Bd7 17. Rb1 Rb8 18. Nd2 Bh4 19. Ne4 f5 20. gxf5 Bxf5 21. Rb2 Qe8 22. Nd6 Qg6 23. Nxf5 Rxf5 24. Qg4 Qf6 25. Bxh6 Ne7 26. Bxg7 Qxg7 27. Qxh4 Ng6 28. Qg3 Nf4 29. Rxe5 Rxe5 30. Qxf4 Rf8 31. Qh4 Qg6 32. f4 Rh5 33. Qg4 Qxg4 34. hxg4 Rh4 35. Bxb7 Rxf4 1/2-1/2

[Event "Pfalz op-A 11th"]
[Site "Neustadt an der Weinstrasse"]
[Date "2020.02.25"]
[Round "9"]
[White "Holtel, Jasper"]
[Black "Boehm, Martin"]
[Result "1-0"]
[WhiteElo "2283"]
[BlackElo "2135"]
[PlyCount "105"]
[EventDate "2020.02.21"]
[EventType "swiss"]
[EventRounds "9"]
[EventCountry "GER"]
[SourceTitle "CBM 195 Extra"]
[Source "ChessBase"]
[SourceDate "2020.05.31"]
[SourceVersion "1"]
[SourceVersionDate "2020.05.31"]
[SourceQuality "1"]

1. Nf3 Nf6 2. g3 g6 3. b3 Bg7 4. Bb2 0-0 5. Bg2 d6 6. d4 c5 7. c4 cxd4 8. Nxd4 Na6 9. 0-0 Nc5 10. Nc3 a6 11. Rc1 Rb8 12. Nd5 Ne8 13. b4 Ne6 14. Qd2 Bd7 15. Nxe6 fxe6 16. Bxg7 Nxg7 17. Nf4 e5 18. Nd5 Nf5 19. e3 Bc6 20. Rfd1 Ba4 21. Re1 Bc6 22. a3 e6 23. Nc3 Bxg2 24. Kxg2 Qg5 25. Kh1 e4 26. Qe2 d5 27. cxd5 exd5 28. Nxd5 Nxg3+ 29. hxg3 Qxd5 30. Kg1 Rbc8 31. Red1 Qf5 32. Rxc8 Rxc8 33. Qd2 Rf8 34. Qc2 Rc8 35. Qd2 Rf8 36. Qd5+ Rf7 37. Qa2 Kg7 38. Qb2+ Kh6 39. Qe2 Rd7 40. Rxd7 Qxd7 41. Kg2 Kg5 42. Qc4 Qf5 43. Qd4 h5 44. Qd8+ Qf6 45. Qd5+ Qf5 46. Qxb7 Qf3+ 47. Kg1 Qd1+ 48. Kh2 Qf3 49. Qd5+ Kh6 50. Qd2 h4 51. gxh4 Kh5 52. Qe1 Qf5 53. Qg1 1-0

[Event "Bayern-chI Bank Hofmann 22nd"]
[Site "Tegernsee"]
[Date "2018.10.28"]
[Round "2"]
[White "Milov, Leonid"]
[Black "Boehm, Martin"]
[Result "1-0"]
[WhiteElo "2481"]
[BlackElo "2195"]
[PlyCount "137"]
[EventDate "2018.10.27"]
[EventType "swiss"]
[EventRounds "9"]
[EventCountry "GER"]
[SourceTitle "CBM 187 Extra"]
[Source "ChessBase"]
[SourceDate "2018.11.04"]
[SourceVersion "1"]
[SourceVersionDate "2018.11.04"]
[SourceQuality "1"]

1. e4 c5 2. Nf3 e6 3. Nc3 a6 4. d4 cxd4 5. Nxd4 b5 6. Be3 Bb7 7. f3 Ne7 8. Qd2 Nbc6 9. Nb3 d6 10. a4 bxa4 11. Nxa4 Nc8 12. Nd4 Qd7 13. Qc3 e5 14. Nxc6 Bxc6 15. b3 Be7 16. Bc4 0-0 17. 0-0 Qb7 18. Qd3 Bd8 19. Kh1 Bb5 20. Rfd1 Rb8 21. Bxb5 axb5 22. Nc5 Qe7 23. Na6 Rb7 24. Nb4 Qd7 25. Qd5 Nb6 26. Qxd6 Qxd6 27. Rxd6 Be7 28. Rxb6 Rxb6 29. Bxb6 Bxb4 30. Rd1 Rc8 31. Rd8+ Rxd8 32. Bxd8 f6 33. Kg1 Kf7 34. Bb6 Ke6 35. Kf2 Kd6 36. Ke2 Kc6 37. Be3 Bf8 38. Kd3 Be7 39. f4 g6 40. h3 Bd6 41. fxe5 fxe5 42. Bh6 Kc5 43. c3 Kc6 44. Bg7 Kd7 45. Ke3 Bc5+ 46. Ke2 Bd6 47. Kf3 Ke6 48. Bh6 Be7 49. Kg4 Bc5 50. h4 Bb6 51. h5 Ba5 52. hxg6 hxg6 53. c4 bxc4 54. bxc4 Bb4 55. Be3 Be7 56. Bc1 Bd8 57. Ba3 Bf6 58. Kf3 Kd7 59. Bc5 Kc6 60. Be3 Kd6 61. Kg4 Ke6 62. Bg5 Bg7 63. Bd8 Kd7 64. Bh4 Ke6 65. c5 Bf8 66. Bf2 Be7 67. c6 Kd6 68. Bc5+ Ke6 69. Bf2 1-0

[Event "Pula op 31st"]
[Site "Pula"]
[Date "2017.09.14"]
[Round "7"]
[White "Niebergall, Gerhard"]
[Black "Boehm, Martin"]
[Result "0-1"]
[WhiteElo "1985"]
[BlackElo "2183"]
[PlyCount "52"]
[EventDate "2017.09.09"]
[EventType "swiss"]
[EventRounds "9"]
[EventCountry "CRO"]
[SourceTitle "CBM 180 Extra"]
[Source "ChessBase"]
[SourceDate "2017.10.06"]
[SourceVersion "1"]
[SourceVersionDate "2017.10.06"]
[SourceQuality "1"]

1. d4 f5 2. Bg5 c5 3. dxc5 Na6 4. e4 fxe4 5. Bc4 Qa5+ 6. Nc3 Qxc5 7. Qd5 e6 8. Qxc5 Nxc5 9. Nb5 Na6 10. 0-0-0 d5 11. Be2 Bd7 12. f3 Nf6 13. Bxf6 gxf6 14. fxe4 dxe4 15. Bh5+ Ke7 16. Nd6 Bc6 17. Ne2 Rg8 18. g4 Bh6+ 19. Kb1 Rad8 20. Nf7 Rxd1+ 21. Rxd1 Be3 22. Ng3 Bf4 23. g5 f5 24. g6 hxg6 25. Bxg6 Bxg3 26. hxg3 Kf6 0-1

[Event "Pula op 31st"]
[Site "Pula"]
[Date "2017.09.12"]
[Round "4"]
[White "Boehm, Martin"]
[Black "Nester, Ihor"]
[Result "1/2-1/2"]
[WhiteElo "2183"]
[BlackElo "2369"]
[PlyCount "71"]
[EventDate "2017.09.09"]
[EventType "swiss"]
[EventRounds "9"]
[EventCountry "CRO"]
[SourceTitle "CBM 180 Extra"]
[Source "ChessBase"]
[SourceDate "2017.10.06"]
[SourceVersion "1"]
[SourceVersionDate "2017.10.06"]
[SourceQuality "1"]

1. Nf3 f5 2. g3 Nf6 3. Bg2 e6 4. 0-0 Be7 5. c4 0-0 6. d4 d6 7. Nc3 Ne4 8. Nxe4 fxe4 9. Nd2 d5 10. f3 Nc6 11. fxe4 Rxf1+ 12. Nxf1 dxc4 13. Be3 e5 14. d5 Na5 15. Nd2 b5 16. Qc2 c5 17. Nf3 Qc7 18. b3 Ba6 19. Ng5 Bxg5 20. Bxg5 b4 21. Bh3 Rf8 22. Rd1 Qd6 23. Be6+ Kh8 24. bxc4 Nxc4 25. Rf1 Rxf1+ 26. Kxf1 Nb6 27. a3 Bb5 28. axb4 cxb4 29. Ke1 a5 30. Qb3 a4 31. Qf3 Be8 32. Bd8 a3 33. Bc7 Qe7 34. Bd8 Qd6 35. Bc7 Qe7 36. Bd8 1/2-1/2

[Event "Batumi Municipality Cup"]
[Site "Batumi"]
[Date "2017.07.10"]
[Round "9"]
[White "Boehm, Martin"]
[Black "Kamadadze, Zviad"]
[Result "0-1"]
[WhiteElo "2216"]
[BlackElo "2204"]
[PlyCount "82"]
[EventDate "2017.07.02"]
[EventType "swiss"]
[EventRounds "9"]
[EventCountry "GEO"]
[SourceTitle "CBM 179 Extra"]
[Source "ChessBase"]
[SourceDate "2017.08.23"]
[SourceVersion "1"]
[SourceVersionDate "2017.08.23"]
[SourceQuality "1"]

1. Nf3 Nf6 2. g3 g6 3. Bg2 Bg7 4. 0-0 0-0 5. d3 d5 6. Nbd2 c5 7. e4 Nc6 8. Re1 e5 9. exd5 Nxd5 10. c3 Nde7 11. Nc4 f6 12. Be3 b6 13. Nfd2 Be6 14. Qe2 Bd5 15. Bf1 Nf5 16. a4 Re8 17. Ne4 Nxe3 18. Nxe3 Bf7 19. Bg2 Qc7 20. Qf3 Re6 21. a5 Rb8 22. axb6 axb6 23. Bh3 f5 24. Ng5 Rd6 25. Nxf7 Qxf7 26. Nc4 Re6 27. Bg2 b5 28. Ne3 h6 29. Qd5 Bf8 30. Qa2 e4 31. dxe4 fxe4 32. Nd5 c4 33. b4 Re5 34. Rad1 Rxd5 35. Rxd5 Qxd5 36. Bxe4 Qd6 37. Qc2 Ne5 38. Rd1 Qf6 39. f4 Ng4 40. Qe2 h5 41. Qe1 Be7 0-1

[Event "Batumi Municipality Cup"]
[Site "Batumi"]
[Date "2017.07.09"]
[Round "8"]
[White "Eynullayev, Altay Elshan"]
[Black "Boehm, Martin"]
[Result "1-0"]
[WhiteElo "2271"]
[BlackElo "2216"]
[PlyCount "65"]
[EventDate "2017.07.02"]
[EventType "swiss"]
[EventRounds "9"]
[EventCountry "GEO"]
[SourceTitle "CBM 179 Extra"]
[Source "ChessBase"]
[SourceDate "2017.08.23"]
[SourceVersion "1"]
[SourceVersionDate "2017.08.23"]
[SourceQuality "1"]

1. e4 e6 2. d4 d5 3. Nc3 Nf6 4. e5 Nfd7 5. Qg4 c5 6. Nb5 cxd4 7. Nf3 Nc6 8. Bf4 Qa5+ 9. Bd2 Qb6 10. Nd6+ Bxd6 11. Qxg7 Bf8 12. Qxh8 Qxb2 13. Rc1 Nb4 14. Bd3 Nxa2 15. 0-0 Nxc1 16. Bxc1 Qb4 17. Qxh7 a5 18. Bd2 Qc5 19. Re1 Be7 20. Qg8+ Nf8 21. h4 Bd7 22. h5 Ba4 23. h6 Bxc2 24. h7 Bxd3 25. h8Q a4 26. Qhg7 Bg6 27. Nh4 Bxh4 28. Rc1 Qa3 29. Rc7 Be7 30. Kh2 d3 31. Bg5 Bxg5 32. Rxf7 0-0-0 33. Rc7+ 1-0

[Event "Batumi Municipality Cup"]
[Site "Batumi"]
[Date "2017.07.05"]
[Round "4"]
[White "Boehm, Martin"]
[Black "Grigoryeva, Olga A"]
[Result "1/2-1/2"]
[WhiteElo "2216"]
[BlackElo "2206"]
[PlyCount "73"]
[EventDate "2017.07.02"]
[EventType "swiss"]
[EventRounds "9"]
[EventCountry "GEO"]
[SourceTitle "CBM 179 Extra"]
[Source "ChessBase"]
[SourceDate "2017.08.23"]
[SourceVersion "1"]
[SourceVersionDate "2017.08.23"]
[SourceQuality "1"]

1. Nf3 Nf6 2. g3 g6 3. Bg2 Bg7 4. 0-0 0-0 5. c4 d5 6. cxd5 Nxd5 7. Nc3 Nc6 8. d4 e5 9. Nxd5 e4 10. Nd2 Qxd5 11. e3 f5 12. f3 exf3 13. Nxf3 Qd6 14. Ng5 Bf6 15. Qb3+ Kg7 16. Nh3 a5 17. Bd2 a4 18. Qa3 Qxa3 19. bxa3 Be7 20. Bc3 Na7 21. Rab1 c6 22. e4 fxe4 23. d5+ Kg8 24. Rxf8+ Kxf8 25. dxc6 bxc6 26. Nf4 Bc5+ 27. Kh1 Nb5 28. Be5 Bf5 29. g4 Bxg4 30. Bxe4 Re8 31. Nd3 Nd6 32. Bxc6 Rc8 33. Rf1+ Nf7 34. Bb7 Re8 35. Bc6 Rc8 36. Bb7 Re8 37. Bc6 1/2-1/2

[Event "Batumi Municipality Cup"]
[Site "Batumi"]
[Date "2017.07.04"]
[Round "3"]
[White "Shalamberidze, Akaki"]
[Black "Boehm, Martin"]
[Result "0-1"]
[WhiteElo "2392"]
[BlackElo "2216"]
[PlyCount "116"]
[EventDate "2017.07.02"]
[EventType "swiss"]
[EventRounds "9"]
[EventCountry "GEO"]
[SourceTitle "CBM 179 Extra"]
[Source "ChessBase"]
[SourceDate "2017.08.23"]
[SourceVersion "1"]
[SourceVersionDate "2017.08.23"]
[SourceQuality "1"]

1. c4 e5 2. Nc3 Nf6 3. Nf3 Nc6 4. e3 d6 5. d4 Be7 6. Be2 0-0 7. 0-0 h6 8. a3 Bf5 9. b4 exd4 10. exd4 d5 11. c5 Ne4 12. Qb3 Nxc3 13. Qxc3 Be4 14. b5 Bxf3 15. Bxf3 Nxd4 16. Qxd4 Bf6 17. Qxd5 Qxd5 18. Bxd5 Bxa1 19. Bxb7 Rad8 20. a4 Bd4 21. Ba3 Rfe8 22. Bf3 Re5 23. Rc1 Rde8 24. Kf1 Bc3 25. g4 Re1+ 26. Kg2 Rxc1 27. Bxc1 Bd4 28. Bf4 Bxc5 29. Bxc7 Bb6 30. Bf4 Rd8 31. Be3 Rd3 32. a5 Bxe3 33. fxe3 Rxe3 34. b6 axb6 35. axb6 Rb3 36. b7 Kf8 37. h4 g5 38. hxg5 hxg5 39. Bd5 Rb4 40. Kf3 Ke7 41. Ke3 f6 42. Kd3 Kd6 43. Kc3 Rb6 44. Kd4 Rb2 45. Be4 Kc7 46. Kc5 Rf2 47. Kd5 Rf4 48. Bf5 Rxf5+ 49. gxf5 Kxb7 50. Ke6 g4 51. Kxf6 g3 52. Ke7 g2 53. f6 g1Q 54. f7 Qg7 55. Ke8 Kc7 56. Ke7 Qe5+ 57. Kf8 Kd7 58. Kg8 Qg5+ 0-1

[Event "WchT Seniors 50"]
[Site "Radebeul"]
[Date "2016.06.29"]
[Round "4.2"]
[White "Mednikova, Svetlana"]
[Black "Boehm, Martin"]
[Result "1-0"]
[WhiteElo "2180"]
[BlackElo "2234"]
[PlyCount "101"]
[EventDate "2016.06.26"]
[EventType "team-swiss"]
[EventRounds "9"]
[EventCountry "GER"]
[SourceTitle "CBM 173 Extra"]
[Source "ChessBase"]
[SourceDate "2016.08.29"]
[SourceVersion "1"]
[SourceVersionDate "2016.08.29"]
[SourceQuality "1"]
[WhiteTeam "Russia (Women)"]
[BlackTeam "Ulm Post"]
[WhiteTeamCountry "RUS"]
[BlackTeamCountry "GER"]

1. e4 c6 2. d4 d5 3. exd5 cxd5 4. Bd3 Nc6 5. c3 g6 6. Bf4 Bg7 7. Qd2 Nf6 8. Na3 0-0 9. Nf3 Ne4 10. Qe3 Bf5 11. 0-0 Nd6 12. Ne5 Bxd3 13. Qxd3 Qa5 14. Rfe1 Rfe8 15. h4 Qa4 16. h5 Nxe5 17. Bxe5 Bxe5 18. dxe5 Nc4 19. hxg6 hxg6 20. e6 Nxa3 21. exf7+ Kxf7 22. Qxd5+ Kf8 23. Re4 Rad8 24. Rxa4 Rxd5 25. Rxa3 Rd2 26. Rb3 b6 27. a4 Rc8 28. a5 Rc6 29. axb6 Rxb6 30. Rxb6 axb6 31. b4 Rc2 32. Ra6 Rxc3 33. Rxb6 Rb3 34. Rxg6 Rxb4 35. f3 Kf7 36. Ra6 Rb2 37. Kh2 Rc2 38. Kh3 Rf2 39. Kg3 Rb2 40. f4 Rc2 41. Kf3 Rb2 42. f5 Rb4 43. Re6 Ra4 44. g4 Rb4 45. Re4 Rb5 46. Kf4 Ra5 47. Rb4 Rc5 48. g5 Ra5 49. g6+ Kf8 50. Rb8+ Kg7 51. Re8 1-0

[Event "WchT Seniors 50"]
[Site "Radebeul"]
[Date "2016.06.28"]
[Round "3.2"]
[White "Boehm, Martin"]
[Black "Hoehn, Michael"]
[Result "1-0"]
[WhiteElo "2234"]
[BlackElo "2069"]
[PlyCount "47"]
[EventDate "2016.06.26"]
[EventType "team-swiss"]
[EventRounds "9"]
[EventCountry "GER"]
[SourceTitle "CBM 173 Extra"]
[Source "ChessBase"]
[SourceDate "2016.08.29"]
[SourceVersion "1"]
[SourceVersionDate "2016.08.29"]
[SourceQuality "1"]
[WhiteTeam "Ulm Post"]
[BlackTeam "Offenbach"]
[WhiteTeamCountry "GER"]
[BlackTeamCountry "GER"]

1. Nf3 Nf6 2. c4 g6 3. g3 Bg7 4. Bg2 0-0 5. 0-0 c6 6. Nc3 d5 7. d4 Ne4 8. Qb3 dxc4 9. Qxc4 Be6 10. Qd3 Nxc3 11. bxc3 b5 12. a4 Bc4 13. Qc2 f5 14. Nd2 Bd5 15. e4 fxe4 16. Nxe4 Nd7 17. Re1 e5 18. Ba3 exd4 19. Bxf8 Nxf8 20. axb5 cxb5 21. cxd4 Ne6 22. Ra6 Nxd4 23. Qc5 Kh8 24. Nd6 1-0

[Event "WchT Seniors 50"]
[Site "Radebeul"]
[Date "2016.06.27"]
[Round "2.3"]
[White "Boehm, Martin"]
[Black "Weber, Franz Josef"]
[Result "1-0"]
[WhiteElo "2234"]
[BlackElo "2136"]
[PlyCount "91"]
[EventDate "2016.06.26"]
[EventType "team-swiss"]
[EventRounds "9"]
[EventCountry "GER"]
[SourceTitle "CBM 173 Extra"]
[Source "ChessBase"]
[SourceDate "2016.08.29"]
[SourceVersion "1"]
[SourceVersionDate "2016.08.29"]
[SourceQuality "1"]
[WhiteTeam "Ulm Post"]
[BlackTeam "Monheim"]
[WhiteTeamCountry "GER"]
[BlackTeamCountry "GER"]

1. Nf3 Nf6 2. g3 b6 3. Bg2 Bb7 4. c4 c5 5. 0-0 e6 6. Nc3 Be7 7. d3 0-0 8. e4 d6 9. a3 Nbd7 10. Re1 Qc7 11. Nb5 Qb8 12. b4 Rd8 13. bxc5 Nxc5 14. Rb1 Bc6 15. Nfd4 Bb7 16. f4 a6 17. Nc3 Qc7 18. Be3 Rac8 19. Na2 Bf8 20. Nb4 Qd7 21. Kh1 Na4 22. Qd2 a5 23. Na2 d5 24. cxd5 exd5 25. e5 Ng4 26. Bg1 Bxa3 27. f5 f6 28. e6 Qe7 29. Qd1 Nc5 30. Nb5 Nxd3 31. Qxd3 Bc5 32. Nd4 Ne5 33. Qd1 Ba6 34. Nc3 Bc4 35. Ncb5 Bb4 36. Re3 Rc5 37. Qa4 Bd3 38. Rxb4 axb4 39. Qxb4 Qb7 40. e7 Re8 41. Nd6 Qxe7 42. Nxe8 Be4 43. Bxe4 dxe4 44. Qxb6 Rc3 45. Qe6+ Kf8 46. Nd6 1-0

[Event "GER-chT Seniors 23rd"]
[Site "Bergen"]
[Date "2014.09.07"]
[Round "7.2"]
[White "Ljubarskij, Jurij"]
[Black "Boehm, Martin"]
[Result "1/2-1/2"]
[WhiteElo "2258"]
[BlackElo "2250"]
[PlyCount "21"]
[EventDate "2014.09.01"]
[EventType "team-swiss"]
[EventRounds "7"]
[EventCountry "GER"]
[SourceTitle "EXT 2018"]
[Source "ChessBase"]
[SourceDate "2017.10.13"]
[SourceVersion "1"]
[SourceVersionDate "2017.10.13"]
[SourceQuality "1"]

1. e4 c5 2. c3 e6 3. d4 d5 4. exd5 exd5 5. Nf3 Nc6 6. dxc5 Bxc5 7. Bd3 Nge7 8. 0-0 Bg4 9. Nbd2 Bh5 10. Nb3 Bb6 11. Bf4 1/2-1/2

[Event "GER-chT Seniors 23rd"]
[Site "Bergen"]
[Date "2014.09.02"]
[Round "2.2"]
[White "Franck, Rudolf"]
[Black "Boehm, Martin"]
[Result "1/2-1/2"]
[WhiteElo "2143"]
[BlackElo "2250"]
[PlyCount "122"]
[EventDate "2014.09.01"]
[EventType "team-swiss"]
[EventRounds "7"]
[EventCountry "GER"]
[SourceTitle "EXT 2018"]
[Source "ChessBase"]
[SourceDate "2017.10.13"]
[SourceVersion "1"]
[SourceVersionDate "2017.10.13"]
[SourceQuality "1"]

1. d4 Nf6 2. c4 g6 3. Nc3 Bg7 4. e4 d6 5. f4 0-0 6. Be2 c6 7. Be3 Qa5 8. Bf3 e5 9. fxe5 dxe5 10. d5 Na6 11. a3 cxd5 12. cxd5 Bd7 13. b4 Qd8 14. Rc1 h5 15. Nge2 Kh7 16. h3 Bh6 17. Bxh6 Kxh6 18. Qd2+ Kg7 19. Qg5 Qe7 20. Ng3 Kh7 21. Qe3 Ne8 22. 0-0 Nd6 23. Be2 Nc7 24. Bd3 Nce8 25. a4 b6 26. Rc2 f6 27. Rfc1 Nf7 28. Bb5 Bxb5 29. Nxb5 Qxb4 30. Rc4 Qa5 31. Qa3 Kg7 32. Qe7 a6 33. Nc7 Nxc7 34. Rxc7 Qd2 35. Rf1 Qg5 36. Kh2 Rae8 37. Qd7 b5 38. axb5 axb5 39. Rc6 b4 40. Rb6 Rb8 41. Qb5 Rxb6 42. Qxb6 Rc8 43. Qxb4 Rc2 44. Qb3 Rd2 45. Qf3 Nd6 46. Ra1 h4 47. Nf1 Rd4 48. Ra7+ Kh6 49. Ne3 Qg3+ 50. Qxg3 hxg3+ 51. Kxg3 Nxe4+ 52. Kf3 Nc3 53. Ra6 Kg5 54. g3 e4+ 55. Kf2 Rd2+ 56. Kf1 f5 57. h4+ Kh5 58. Ra8 Kh6 59. Ra6 Kg7 60. h5 Nxd5 61. Rxg6+ Kf7 1/2-1/2

[Event "BL2-Sued 1314"]
[Site "Germany"]
[Date "2014.04.06"]
[Round "9.6"]
[White "Boehm, Martin"]
[Black "Grewenig, Jan"]
[Result "1-0"]
[WhiteElo "2279"]
[BlackElo "2039"]
[PlyCount "99"]
[EventDate "2013.10.13"]
[EventType "team-tourn"]
[EventRounds "9"]
[EventCountry "GER"]
[SourceTitle "EXT 2015"]
[Source "ChessBase"]
[SourceDate "2014.11.20"]
[SourceVersion "1"]
[SourceVersionDate "2014.11.20"]
[SourceQuality "1"]
[WhiteTeam "Boeblingen"]
[BlackTeam "Schwarzenbach"]
[WhiteTeamCountry "GER"]
[BlackTeamCountry "GER"]

1. Nf3 c5 2. g3 Nc6 3. Bg2 g6 4. 0-0 Bg7 5. e4 d6 6. d3 e6 7. Nc3 Nge7 8. Be3 Nd4 9. Qd2 0-0 10. Ne1 Rb8 11. Nd1 b6 12. c3 Ndc6 13. Bh6 Bb7 14. Bxg7 Kxg7 15. f4 d5 16. e5 d4 17. Nf3 dxc3 18. bxc3 Qd7 19. Nf2 Rfd8 20. Rad1 Na5 21. Qc1 Qa4 22. Qb2 Nf5 23. Rfe1 Rd7 24. Ng5 Bxg2 25. Kxg2 Rbd8 26. Kg1 h5 27. Nge4 Nc4 28. Qc1 Na3 29. Nf6 Rb7 30. Re2 Nb5 31. N2e4 Nc7 32. Kf2 Nd5 33. Rdd2 Nh6 34. Nxd5 Rxd5 35. h3 Rd8 36. Qd1 Qc6 37. Re1 b5 38. g4 hxg4 39. hxg4 Rh8 40. Kg3 Rd7 41. Qf3 Ng8 42. Qe3 Rd5 43. Ree2 a5 44. Rh2 c4 45. Rxh8 Kxh8 46. d4 Kg7 47. Rh2 b4 48. f5 exf5 49. gxf5 gxf5 50. Nf6 1-0

[Event "BL2-Sued 1213"]
[Site "Germany"]
[Date "2013.03.17"]
[Round "8.6"]
[White "Boehm, Martin"]
[Black "Nazarenus, Moritz"]
[Result "1/2-1/2"]
[WhiteElo "2262"]
[BlackElo "2248"]
[PlyCount "38"]
[EventDate "2012.10.14"]
[EventType "team-tourn"]
[EventRounds "9"]
[EventCountry "GER"]
[SourceTitle "CBM 154 Extra"]
[Source "ChessBase"]
[SourceDate "2013.06.25"]
[SourceVersion "2"]
[SourceVersionDate "2013.06.25"]
[SourceQuality "1"]
[WhiteTeam "Boeblingen"]
[BlackTeam "Schoeneck"]
[WhiteTeamCountry "GER"]
[BlackTeamCountry "GER"]

1. e4 c6 2. d4 d5 3. e5 Bf5 4. Nd2 e6 5. Nb3 Nd7 6. Nf3 a6 7. Be3 Rc8 8. c3 Ne7 9. h3 Bg6 10. Be2 Nf5 11. Bg5 Be7 12. Bxe7 Qxe7 13. Qd2 0-0 14. h4 h5 15. Qg5 c5 16. dxc5 Nxc5 17. Qxe7 Nxe7 18. Nxc5 Rxc5 19. Nd4 Rc7 1/2-1/2